English counties by motorways Quiz Stats

 Plays Quiz not verified by Sporcle

Challenge
Share
Tweet
Embed
Score 0/37 Timer 10:00
0 Plays Today
Motorways County % Correct
M2, M20, M25, M26Kent
73.9%
M5Devon & Somerset
71.6%
M6Cumbria
70.9%
A57(M), A627(M), M6, M56, M60, M61, M62, M66, M67, M602Greater Manchester
70.5%
M3, M23, M25Surrey
69.7%
A3(M), M3, M27, M271, M275Hampshire
69.3%
M6, M6 TollStaffordshire
69.3%
A1(M), M11Cambridgeshire
68.2%
M6, M40, M42, M45, M69, M6 TollWarwickshire
67.8%
M11, M25Essex
66.7%
M4Wiltshire
66.7%
M40Oxfordshire
65.1%
M1, M18, M62, M180South Yorkshire
65.1%
A38(M), M5, M6, M42West Midlands
65.1%
A601(M), M6, M55, M58, M61, M62, M65Lancashire
64%
M4, M5, M48, M49, M50Gloucestershire
63.6%
A1(M), M1, M25Hertfordshire
62.8%
M1, M4, M25, M40Buckinghamshire
62.5%
M1, M4, M11, M25Greater London
62.5%
Motorways County % Correct
A404(M), A329(M), M4, M25Berkshire
61.7%
M1, M42, M69Leicestershire
61.7%
M23West Sussex
60.8%
M6, M53, M56, M62Cheshire
60.5%
A58(M), A64(M), M1, M62, M606, M621West Yorkshire
60.2%
M18, M62East Yorkshire
59.4%
M54Shropshire
59.4%
A1(M), A66(M), M62North Yorkshire
57.9%
A1(M), M1Bedfordshire & Nottinghamshire
57.5%
M5, M32, M49Bristol
56.7%
M180, M181Lincolnshire
56.7%
M5, M40, M50Worcestershire
56.3%
M53, M57, M58, M62Merseyside
55.9%
M1Derbyshire
54%
M1, M40, M45Northamptonshire
52.9%
M50Herefordshire
50.6%
A1(M), A194(M)Tyne and Wear
49.8%
A1(M)Durham
44.4%

You're not logged in!

Compare scores with friends on all Sporcle quizzes.
Join for Free
OR
Log In

You Might Also Like...

Show Comments

Extras

Created Dec 27, 2011ReportNominate
Tags:counties, English, motorway

Top Quizzes Today


Score Distribution

Your Account Isn't Verified!

In order to create a playlist on Sporcle, you need to verify the email address you used during registration. Go to your Sporcle Settings to finish the process.

Report this User

Report this user for behavior that violates our Community Guidelines.

Details: